<?xml version="1.0" encoding="UTF-8"?>
<record
    xmlns:xsi="http://www.w3.org/2001/XMLSchema-instance"
    xsi:schemaLocation="http://www.loc.gov/MARC21/slim http://www.loc.gov/standards/marcxml/schema/MARC21slim.xsd"
    xmlns="http://www.loc.gov/MARC21/slim">

  <leader>01115nam a22003017a 4500</leader>
  <controlfield tag="001">000052562</controlfield>
  <controlfield tag="003">DO-SdBNP</controlfield>
  <controlfield tag="005">20180312104014.0</controlfield>
  <controlfield tag="007">000052562</controlfield>
  <controlfield tag="008">160505b   2014 dr a      00| 0 spa d</controlfield>
  <datafield tag="020" ind1=" " ind2=" ">
    <subfield code="a">9789945119114</subfield>
  </datafield>
  <datafield tag="020" ind1=" " ind2=" ">
    <subfield code="a">9789945119152</subfield>
  </datafield>
  <datafield tag="040" ind1=" " ind2=" ">
    <subfield code="a">BPMSU</subfield>
    <subfield code="b">spa</subfield>
    <subfield code="c">BPMSU</subfield>
  </datafield>
  <datafield tag="092" ind1=" " ind2=" ">
    <subfield code="a">xxxxx</subfield>
    <subfield code="b">xxxxx</subfield>
  </datafield>
  <datafield tag="100" ind1="1" ind2=" ">
    <subfield code="a">Sosa, Olga</subfield>
  </datafield>
  <datafield tag="245" ind1=" " ind2=" ">
    <subfield code="a">Entre amigos 2 : </subfield>
    <subfield code="b">educaci&#xF3;n inicial /</subfield>
    <subfield code="c">Olga Sosa ; direcci&#xF3;n editorial Claudia Llibre ; ilustraci&#xF3;n Ruddy N&#xFA;&#xF1;ez...[et al].</subfield>
  </datafield>
  <datafield tag="260" ind1=" " ind2=" ">
    <subfield code="a">Santo Domingo : </subfield>
    <subfield code="b">Santillana, </subfield>
    <subfield code="c">2014. </subfield>
  </datafield>
  <datafield tag="300" ind1=" " ind2=" ">
    <subfield code="a">295 p. : </subfield>
    <subfield code="b">il. ; </subfield>
    <subfield code="c">21 cm. </subfield>
  </datafield>
  <datafield tag="490" ind1=" " ind2=" ">
    <subfield code="a"> Proyecto todos juntos</subfield>
  </datafield>
  <datafield tag="500" ind1=" " ind2=" ">
    <subfield code="a">Incluye gu&#xED;a did&#xE1;ctica y recursos did&#xE1;cticos para el profesorado

 </subfield>
  </datafield>
  <datafield tag="500" ind1=" " ind2=" ">
    <subfield code="a">Este libro ha sido realizado de conformidad con el curr&#xED;culum vigente y ha sido sometido a la aprobaci&#xF3;n de la MINERD.

 </subfield>
  </datafield>
  <datafield tag="700" ind1="1" ind2="2">
    <subfield code="a">N&#xFA;&#xF1;ez, Ruddy, </subfield>
    <subfield code="e">il. </subfield>
  </datafield>
  <datafield tag="700" ind1="1" ind2="2">
    <subfield code="a">Llibre, Claudia,</subfield>
    <subfield code="e">dir. ed. </subfield>
  </datafield>
  <datafield tag="830" ind1=" " ind2=" ">
    <subfield code="p"> Proyecto todos juntos</subfield>
  </datafield>
  <datafield tag="942" ind1=" " ind2=" ">
    <subfield code="2">ddc</subfield>
    <subfield code="c">BK</subfield>
  </datafield>
  <datafield tag="945" ind1=" " ind2=" ">
    <subfield code="a">Remanejado para la Bib. BNPHU, 2018/ YL</subfield>
  </datafield>
  <datafield tag="952" ind1=" " ind2=" ">
    <subfield code="0">0</subfield>
    <subfield code="1">0</subfield>
    <subfield code="2">ddc</subfield>
    <subfield code="4">0</subfield>
    <subfield code="7">0</subfield>
    <subfield code="8">CE</subfield>
    <subfield code="a">BPMET</subfield>
    <subfield code="b">BPMET</subfield>
    <subfield code="d">2016-05-05</subfield>
    <subfield code="e">Donaci&#xF3;n</subfield>
    <subfield code="l">0</subfield>
    <subfield code="p">BPMSU16050093</subfield>
    <subfield code="r">2016-05-05</subfield>
    <subfield code="t">v. 1, </subfield>
    <subfield code="w">2016-05-05</subfield>
    <subfield code="y">BK</subfield>
  </datafield>
  <datafield tag="952" ind1=" " ind2=" ">
    <subfield code="0">0</subfield>
    <subfield code="1">0</subfield>
    <subfield code="2">ddc</subfield>
    <subfield code="4">0</subfield>
    <subfield code="7">0</subfield>
    <subfield code="8">CE</subfield>
    <subfield code="a">BPMET</subfield>
    <subfield code="b">BPMET</subfield>
    <subfield code="d">2016-05-05</subfield>
    <subfield code="e">Donaci&#xF3;n</subfield>
    <subfield code="l">0</subfield>
    <subfield code="p">BPMSU16050094</subfield>
    <subfield code="r">2016-05-05</subfield>
    <subfield code="t">v. 2</subfield>
    <subfield code="w">2016-05-05</subfield>
    <subfield code="y">BK</subfield>
  </datafield>
  <datafield tag="956" ind1=" " ind2=" ">
    <subfield code="2">LOPEREZ</subfield>
    <subfield code="3">10</subfield>
    <subfield code="6">20160505</subfield>
    <subfield code="8">BPMSU</subfield>
    <subfield code="a">00041</subfield>
  </datafield>
  <datafield tag="999" ind1=" " ind2=" ">
    <subfield code="c">10004</subfield>
    <subfield code="d">10004</subfield>
  </datafield>
</record>
